Quizzes
Events
Quiz Creation
Community
Videos
Private Events
Remove Ads
Sign In
Join for FREE
Feedback
Dark Mode
Quiz Categories
Sports
Geography
Music
Movies
Television
Just For Fun
Miscellaneous
History
Literature
Language
Science
Gaming
Entertainment
Religion
Holiday
For Kids
Quiz Lab
Recent
Popular Today
Quiz Kudos Today
Editor Picks
Curator Picks
Quizzes by...
Day
Popularity
Type
Ratings
Length
Year
Community
Subscriptions
Recent Discussions
Orange Saloon
Badges
Playlists
Quests
Create
Leaderboards
Showdown
Live 5
Trivia Bingo
Activity
Puzzle Library
Sporcle Events
Private Events
Virtual Trivia
Globe League
Become a Host
Pub Owners
SporcleCon
Opinionation
Our Games
Videos
Blog
Mobile Apps
Partnerships
Remove Ads and Go Orange
Feedback
Sports
Athletes
MLB
NBA
NHL
NFL
Soccer
Sports Teams
WWE
NCAA
Football
Premier League
Basketball
Baseball
Hockey
Golf
Tennis
Cricket
Rugby
Auto Racing
Olympics
World Cup
Sports
Athletes
MLB
NBA
NHL
NFL
Soccer
Sports Teams
WWE
NCAA
Football
Premier League
Basketball
Baseball
Hockey
Golf
Tennis
Cricket
Rugby
Auto Racing
Olympics
World Cup
Random Quiz
Search Sporcle
×
Quiz Lab
Quiz Lab
Sports
Player
Type in answers that appear in a list
Type in answers that appear in a list
Classic
Best Score? Go Orange.
49ers 2000s draft picks Stats
Can you name the 49ers 2000s draft picks?
By
nhl989d
10m
89 Questions
95 Plays
95 Plays
95 Plays
Comments
Comments
Give Quiz Kudos
Give Quiz Kudos
-
- Ratings
hide this ad
Replay
Link that replays current quiz
Next Quiz
Link to next quiz in quiz playlist
You Got
0%
They Got
Avg Score
29%
Avg Friend Score
Upgrade to see
Score Distribution
Jump to the score distribution portion of the page
Score
0/89
Timer
10:00
0
Plays Today
Round (overall) Picked
Player
% Correct
Round 1 (1)
Alex Smith
95.8%
Round 5 (132)
Paul Smith
92.6%
Round 3 (75)
Reggie Smith
92.6%
Round 1 (11)
Patrick Willis
88.4%
Round 1 (6)
Vernon Davis
85.3%
Round 3 (65)
Frank Gore
85.3%
Round 5 (171)
Nate Davis
82.1%
Round 1 (10)
Michael Crabtree
74.7%
Round 1 (28)
Joe Staley
63.2%
Round 7 (224)
Eric Johnson
57.9%
Round 6 (205)
Derrick Johnson
57.9%
Round 1 (22)
Manny Lawson
49.5%
Round 3 (89)
Andrew Williams
48.4%
Round 3 (84)
Brandon Williams
48.4%
Round 6 (188)
Andy Lee
47.4%
Round 3 (80)
Kevin Barlow
46.3%
Round 4 (126)
Dashon Goldson
46.3%
Round 1 (16)
Julian Peterson
45.3%
Round 5 (147)
Tarell Brown
45.3%
Round 1 (7)
Andre Carter
44.2%
Round 1 (26)
Kwame Harris
44.2%
Round 1 (24)
Ahmed Plummer
42.1%
Round 3 (76)
Jason Hill
42.1%
Round 1 (29)
Kentwan Balmer
41.1%
Round 3 (74)
Glen Coffee
41.1%
Round 1 (27)
Mike Rumph
40%
Round 1 (31)
Rashaun Woods
40%
Round 7 (212)
Tim Rattay
38.9%
Round 6 (197)
Arnaz Battle
37.9%
Round 7 (241)
Ken Dorsey
36.8%
Round (overall) Picked
Player
% Correct
Round 4 (100)
Michael Robinson
36.8%
Round 2 (58)
Shawntae Spencer
35.8%
Round 4 (124)
Brandon Lloyd
35.8%
Round 6 (174)
Josh Morgan
35.8%
Round 7 (239)
Eric Heitmann
33.7%
Round 3 (94)
Adam Snyder
33.7%
Round 5 (161)
Aaron Walker
31.6%
Round 4 (104)
Isaac Sopoaga
31.6%
Round 6 (175)
Delanie Walker
31.6%
Round 2 (33)
David Bass
29.5%
Round 7 (217)
Cody Pickett
27.4%
Round 3 (65)
Giovanni Carmazzi
26.3%
Round 6 (198)
Keithe Lewis
26.3%
Round 6 (169)
Cedrick Wilson
25.3%
Round 2 (39)
Chilo Rachal
24.2%
Round 3 (86)
Jeff Ulbrich
24.2%
Round 5 (140)
Parys Haralson
24.2%
Round 2 (46)
Justin Smiley
22.1%
Round 3 (97)
Ray McDonald
21.1%
Round 2 (35)
John Engelberger
20%
Round 2 (48)
Jason Webster
17.9%
Round 2 (57)
Anthony Adams
17.9%
Round 4 (104)
Jay Moore
17.9%
Round 6 (184)
Bear Pascoe
17.9%
Round 7 (219)
Curtis Taylor
17.9%
Round 7 (249)
Billy Bajema
14.7%
Round 5 (137)
Ronald Fields
14.7%
Round 2 (47)
Jamie Winborn
13.7%
Round 7 (230)
Brian Jennings
13.7%
Round 2 (47)
Jamie Winborn
13.7%
Round (overall) Picked
Player
% Correct
Round 3 (77)
Derrick Hamilton
13.7%
Round 7 (244)
Ricky Jean-Francois
12.6%
Round 5 (146)
Scott McKillop
12.6%
Round 5 (174)
Rasheed Marshall
11.6%
Round 4 (107)
Cody Wallace
11.6%
Round 7 (248)
Kyle Kosier
9.5%
Round 7 (214)
Larry Grant
9.5%
Round 3 (69)
Saleem Rasheed
8.4%
Round 4 (127)
Kevin Curtis
8.4%
Round 6 (187)
Thomas Clayton
8.4%
Round 5 (150)
John Milem
6.3%
Round 7 (223)
Marcus Maxwell
6.3%
Round 6 (192)
Marcus Hudson
6.3%
Round 4 (108)
John Keith
5.3%
Round 4 (102)
Jeff Chandler
5.3%
Round 4 (127)
Richard Seigler
5.3%
Round 7 (248)
Patrick Estes
5.3%
Rpund 7 (254)
Vickiel Vaughn
5.3%
Round 6 (197)
Melvin Oliver
5.3%
Round 4 (135)
Joe Cohen
5.3%
Round 7 (209)
Alex Lincoln
4.2%
Round 7 (226)
Christian Ferrara
4.2%
Round 5 (172)
Josh Shaw
3.2%
Round 6 (179)
Rashad Holman
2.1%
Round 6 (191)
Menson Holloway
2.1%
Round 7 (256)
Teddy Gaines
2.1%
Round 6 (201)
Mark Anelli
2.1%
Round 7 (215)
Daven Holly
2.1%
Round 5 (163)
Brandon Domain
1.1%
Quiz Playlist
Details
Report
Send in Message
Add To Playlist
Classic:
Type in answers that appear in a list
Quiz Source
Last Updated: Feb 16, 2017
Quiz Scoreboard
CHALLENGE
Sign Up to Join the Scoreboard
Show All
Scores
Hide
Comments
May contain spoilers
Recently Published
9x9 Crossword: Cartoon Network
by jackfrog10
Miscellaneous
3m
College Basketball Coaching Resumes
by pancakes188
Sports
9m
Billboard Blitz: Fleetwood Mac
by CooCooCachoo
Music
15s
More to Explore
Quiz From the Vault
Featured Blog Post
Where Did the Easter Bunny Come From?
hide this ad
You Might Also Like...
Tags
2000
Draft
Overall
Picked
Player
round
San Francisco 49ers
Today's Top Quizzes in Sports
Browse Sports
hide this ad
Today's Top Quizzes in Player
Browse Player
Top Contributed Quizzes in Sports
1
2022 World Cup Stars
2
Les meilleurs buteurs des matchs entre le PSG et l’OM
3
FIFA Club World Cup Champions
4
Les entraîneurs de l'OM et du PSG au 21e siècle
5
Criteria MLB: Left Handed Sluggers
6
2023 MLB Unique Player Accomplishments
7
AFC Teams Reveal (Wrong Answers Minefield)
8
Players with Multiple 50 Home Run Seasons
9
5-to-1: FBS Animal Nicknames
10
5-to-1: UK Sports Teams
Explore More
Trending Topics
Disney
Anime
Kpop
Crossword
NBA
Marvel
Harry Potter
The Office
Soccer
Country
WWE
Song
NFL
Puzzle
Pokémon
hide this ad
More By:
nhl989d
Quiz
Plays
Rating
Category
Featured
Created
NFL Recieving Yards single season
767
Sports
Mar 23, 2010
49ers top 30 rec. single season
389
2.60
Sports
Jan 26, 2010
49ers super bowl XXIX roster
371
5.00
Sports
Jan 4, 2010
49ers Super Bowl XVI roster
275
Sports
Jan 4, 2010
All Time TDs
219
4.67
Sports
Apr 8, 2010
Go to Creator's Profile
Score Distribution
Quiz Creator Spotlight
nhl989d
Follow
Send a Message
Quizzes Created
-
Created Quiz Play Count
-
More By This Creator
Popular Quizzes Today
1
Find the US States - No Outlines Minefield
2
Find the Countries of Europe - No Outlines Minefield
3
The Countries of the World
4
Find the US States
5
Risky Map Clicking: Biggest States A-Z
6
US States
7
Popular People in 1961
8
Movies - When Are They Set?
More Sports Quizzes
NRL Current Grand Final Winning Players
Quiz Lab
Trending Quizzes
Risky Map Clicking: Least Populous States A-Z
1-10 Letter G Words
Risky Map Clicking: Next State Alphabetically
Adjectives in 80s TV Shows
The Seven Year Switch: Catherine
Recently Updated
Leaping Animals
pecheneg
Reality TV Shows (A-Z)
bhenderson79
Rickey Henderson's Hall of Fame Teammates
pecheneg
Champions League XIs: Arsenal
pecheneg
Quick Pick: Celebrities in WWE's Hall of Fame
aduchscher
A-Z Keypad Blitz II
pecheneg
Multiple Oscar Actors
pecheneg
Mystery Phrase Blitz: Oscar 'Best Actors'
pecheneg
F. Scott Fitzgerald Novels
LTH
Pick 3 Villains
ddd62291
Trending Topics
Disney
Kpop
Marvel
NBA
Crossword
Harry Potter
Anime
WWE
Soccer
Puzzle
The Office
NFL
Country
Song
Pokémon
Your Account Isn't Verified!
In order to create a playlist on Sporcle, you need to verify the email address you used during registration. Go to your
Sporcle Settings
to finish the process.
Report this User
Report this user for behavior that violates our
Community Guidelines
.
Details:
Send Report
Go to the Sporcle.com Mobile Site →
Comments